[Event "Erfurt op-A 29th"]
[Site "Erfurt"]
[Date "2019.12.30"]
[Round "8"]
[White "Cipra, Lothar"]
[Black "Smit, Frans P"]
[Result "1/2-1/2"]
[WhiteElo "1921"]
[BlackElo "2009"]
[PlyCount "23"]
[EventDate "2019.12.26"]
[EventType "swiss"]
[EventRounds "8"]
[EventCountry "GER"]
[SourceTitle "CBM 194 Extra"]
[Source "ChessBase"]
[SourceDate "2020.03.31"]
[SourceVersion "1"]
[SourceVersionDate "2020.03.31"]
[SourceQuality "1"]

1. d4 Nf6 2. c4 e6 3. Nc3 Bb4 4. a3 Bxc3+ 5. bxc3 c5 6. Nf3 h6 7. Qc2 d5 8. e3 Nc6 9. Bd3 0-0 10. 0-0 Qc7 11. e4 dxe4 12. Bxe4 1/2-1/2

[Event "Erfurt op-A 29th"]
[Site "Erfurt"]
[Date "2019.12.28"]
[Round "4"]
[White "Pellicoro, Nathalie"]
[Black "Smit, Frans P"]
[Result "1-0"]
[WhiteElo "1860"]
[BlackElo "2009"]
[PlyCount "73"]
[EventDate "2019.12.26"]
[EventType "swiss"]
[EventRounds "8"]
[EventCountry "GER"]
[SourceTitle "CBM 194 Extra"]
[Source "ChessBase"]
[SourceDate "2020.03.31"]
[SourceVersion "1"]
[SourceVersionDate "2020.03.31"]
[SourceQuality "1"]

1. e4 e6 2. d4 d5 3. Nd2 c5 4. exd5 Qxd5 5. Ngf3 cxd4 6. Bc4 Qd6 7. 0-0 Nf6 8. Nb3 Nc6 9. Nbxd4 Nxd4 10. Nxd4 Qc7 11. Bb3 a6 12. Re1 Bd6 13. Nf5 Bxh2+ 14. Kh1 0-0 15. Nxg7 Rd8 16. Qf3 Kxg7 17. Bh6+ Kg6 18. c3 Nd5 19. Qh3 Bf4 20. Bc2+ f5 21. g4 Bxh6 22. gxf5+ exf5 23. Rg1+ Bg5 24. Rxg5+ Kxg5 25. Rg1+ Kf6 26. Qh6+ Kf7 27. Rg7+ Ke8 28. Rg8+ Ke7 29. Rg7+ Ke8 30. Rg8+ Ke7 31. Qg5+ Kd6 32. Rxd8+ Kc6 33. Qh6+ Kc5 34. b4+ Kc4 35. Rxd5 Kxd5 36. Bb3+ Ke4 37. Qe3# 1-0

[Event "Erfurt op-A 29th"]
[Site "Erfurt"]
[Date "2019.12.28"]
[Round "5"]
[White "Smit, Frans P"]
[Black "Dittrich, Tom"]
[Result "1-0"]
[WhiteElo "2009"]
[BlackElo "1915"]
[PlyCount "101"]
[EventDate "2019.12.26"]
[EventType "swiss"]
[EventRounds "8"]
[EventCountry "GER"]
[SourceTitle "CBM 194 Extra"]
[Source "ChessBase"]
[SourceDate "2020.03.31"]
[SourceVersion "1"]
[SourceVersionDate "2020.03.31"]
[SourceQuality "1"]

1. c4 e5 2. g3 Nf6 3. Bg2 d5 4. cxd5 Nxd5 5. Nc3 Nb6 6. Nf3 Nc6 7. 0-0 Be7 8. a3 a5 9. d3 0-0 10. Be3 Re8 11. Rc1 Bf8 12. Ne4 Rb8 13. Bc5 Nd4 14. Bxf8 Nxf3+ 15. Bxf3 Rxf8 16. Qc2 Nd5 17. Qc5 b6 18. Qc4 Bb7 19. b4 axb4 20. axb4 Qe7 21. b5 Rfc8 22. Nd2 Nf6 23. Bxb7 Rxb7 24. Qc6 Ra7 25. Rc2 h6 26. Rfc1 Rca8 27. Qf3 Ne8 28. Nc4 Nd6 29. Qd5 Nxc4 30. Rxc4 Ra1 31. Kg2 R1a7 32. Rxc7 Rxc7 33. Qxa8+ Kh7 34. Rxc7 Qxc7 35. Qc6 Qb8 36. h3 Kg8 37. e3 Kf8 38. d4 exd4 39. exd4 Ke7 40. Qe4+ Kf8 41. Qe5 Qd8 42. d5 Kg8 43. d6 Kf8 44. Qd5 Ke8 45. Qc6+ Kf8 46. f4 Kg8 47. Kf3 Kf8 48. Ke4 Kg8 49. Kd5 Kf8 50. d7 g6 51. Qc8 1-0

[Event "Rome City op 1st"]
[Site "Rome"]
[Date "2016.12.07"]
[Round "5"]
[White "Gabuzyan, Hovhannes"]
[Black "Smit, Frans P"]
[Result "1-0"]
[WhiteElo "2577"]
[BlackElo "2052"]
[PlyCount "55"]
[EventDate "2016.12.04"]
[EventType "swiss"]
[EventRounds "9"]
[EventCountry "ITA"]
[SourceTitle "CBM 176 Extra"]
[Source "ChessBase"]
[SourceDate "2017.03.02"]
[SourceVersion "1"]
[SourceVersionDate "2017.03.02"]
[SourceQuality "1"]

1. Nf3 e6 2. g3 d5 3. Bg2 Nf6 4. 0-0 Be7 5. c4 0-0 6. d4 c6 7. Nc3 Nbd7 8. Nd2 Re8 9. e4 dxe4 10. Ndxe4 Nxe4 11. Nxe4 Nf6 12. Nc3 Bd6 13. Re1 h6 14. b3 Qc7 15. Bb2 Bd7 16. Rc1 Rad8 17. Qc2 b6 18. Ne4 Nxe4 19. Rxe4 f5 20. Re2 e5 21. c5 bxc5 22. dxe5 Bxe5 23. Bxe5 Rxe5 24. Rxe5 Qxe5 25. Rd1 Qe6 26. Bf1 Qe7 27. Qd2 Kf8 28. Bc4 1-0

[Event "Amsterdam Science Park op-A 3rd"]
[Site "Amsterdam"]
[Date "2013.07.12"]
[Round "7"]
[White "Vos, Tjark"]
[Black "Smit, Frans P"]
[Result "1/2-1/2"]
[WhiteElo "2034"]
[BlackElo "2103"]
[PlyCount "63"]
[EventDate "2013.07.06"]
[EventType "swiss"]
[EventRounds "9"]
[EventCountry "NED"]
[SourceTitle "CBM 155 Extra"]
[Source "ChessBase"]
[SourceDate "2013.08.26"]
[SourceVersion "1"]
[SourceVersionDate "2013.08.26"]
[SourceQuality "1"]

1. e4 e6 2. d4 d5 3. Nd2 Nf6 4. e5 Nfd7 5. Bd3 c5 6. c3 Nc6 7. Ne2 cxd4 8. cxd4 Qb6 9. Nf3 f6 10. exf6 Nxf6 11. 0-0 Bd6 12. Bf4 Bxf4 13. Nxf4 0-0 14. Re1 Qxb2 15. Nxe6 Bxe6 16. Rxe6 Rae8 17. Rxe8 Rxe8 18. Rb1 Qxa2 19. Rxb7 Ne4 20. Qc2 Qxc2 21. Bxc2 Re7 22. Rb5 Nc3 23. Rc5 Ne2+ 24. Kf1 Nexd4 25. Nxd4 Nxd4 26. Rc8+ Kf7 27. Bxh7 Ke6 28. Rd8 Ke5 29. f4+ Kxf4 30. Rxd5 Ke3 31. Ra5 Kd2 32. Ra2+ 1/2-1/2